000 00517nam a2200145Ia 4500
008 100122s9999 xx 000 0 und d
082 _b42887
_a823.08
100 _aकेळकर ग म
245 _aअद्वितीय साहसकथा भाग - 2
260 _bपुरंदरे प्रकाशन
_c1988
300 _a66
630 _aअद्वितीय साहसकथा भाग - 2
730 _aअद्वितीय साहसकथा भाग - 2
942 _cBOOK
999 _c423182
_d423179